| 000 | 00450nam a22001337a 4500 | ||
|---|---|---|---|
| 008 | 230616b |||||||| |||| 00| 0 eng d | ||
| 040 |
_aNational Science Library _cNational Science Library |
||
| 080 |
_a624:658.56 _bP1 |
||
| 245 |
_aCompilation of quality assurance circulars of CPWD _c/ Central Public Works Department |
||
| 260 |
_aNew Delhi: _bCentral Public Works Department, _c2001 |
||
| 300 | _a128p. | ||
| 650 | _aScience | ||
| 942 |
_2udc _cREP |
||
| 999 |
_c44186 _d44186 |
||